Open Data Biblioteca Nacional de Portugal


República Portuguesa: Ministério da Cultura
Biblioteca Nacional de Portugal

Catálogo da BNP: acesso por Identificadores Unívocos
Registos Bibliográficos associados ao registo de autoridade

Etiqueta de registo: 00254nam 2200025 450
001 2280455
003 http://id.bnportugal.gov.pt/bib/catbnp/2280455
100 ## $a20260316d2025 k y0pory01030103ba
101 0# $apor$deng
102 ## $aPT
105 ## $aa m 000yy
106 ## $ar
200 1# $a A indústria metalúrgica em Portugal nos séculos XIII-XVI$fPaulo Morgado e Cunha$gorient. Luís Carlos Correia Ferreira do Amaral, Arnaldo Rui Azevedo de Sousa Melo, Ricardo Córdoba de la Llave
210 #9 $aPorto$c[s.n.],$d2025
215 ## $a503 p.$cil.$d30 cm
328 #1 $aTese dout. História, Faculdade de Letras, Universidade do Porto, 2025
675 ## $a94(469)"12/15"(043)$vBN$zpor$31995318
675 ## $a672/673(469)"12/15"(043)$vBN$zpor$31995321
675 ## $a622.012(469)"12/15"(043)$vBN$zpor$31995319
700 #1 $aCunha,$bPaulo Morgado e$31991502
702 #1 $aAmaral,$bLuís Carlos,$f1961-$4727$34044
702 #1 $aMelo,$bArnaldo Sousa,$f1967-$4727$31416604
702 #1 $aCórdoba de la Llave,$bRicardo,$f1960-$4727$31991508
801 #0 $aPT$bBN$gRPC
966 ## $lBN$mFGMON$sH.G. 89114 V.$x1
971 ## $cssilva$d20260316
972 ## $e0$z0$d20260424$vasantos
973 ## $ctrodrigues$d20260410

OpendataBNP@bnportugal.pt | Mais informação sobre acesso aos dados BNP